|
|
|
|
| LEADER |
01783nam a2200289 i 4500 |
| 001 |
GR-MES15917 |
| 003 |
GR-PaULI |
| 005 |
20231023131712.0 |
| 008 |
131018t2004 gr a g 000 0 gre d |
| 020 |
|
|
|a 9608002230
|
| 040 |
|
|
|a GrPaTEI
|b gre
|c GR-PaULI
|e AACR2
|
| 082 |
|
0 |
|a 631.523
|2 23
|
| 100 |
1 |
|
|a Ξυνιάς Ιωάννης Ν.
|9 200524
|e συγγραφέας.
|
| 245 |
1 |
0 |
|a Βελτίωση φυτών :
|b ασκήσεις εργαστηρίου /
|c Ιωάννης Ν. Ξυνιάς.
|
| 260 |
|
|
|a Αθήνα :
|b Έμβρυο,
|c c2004.
|
| 300 |
|
|
|a 136 σ. :
|b εικ., φωτ. (ορισμένες έγχρ.) ;
|c 29 εκ.
|
| 500 |
|
|
|a Σύστημα εύδοξος αρ. εισ.26450-26369
|
| 500 |
|
|
|a Τμ.Τεχνολόγων Γεωπόνων (Αμαλιάδα) αρ.εισ. 26450
|
| 504 |
|
|
|a Περιλαμβάνει βιβλιογραφία σ. 136.
|
| 610 |
0 |
4 |
|a Σύστημα εύδοξος Τμήμα Τεχνολόγων Γεωπόνων (Αμαλιάδα)
|
| 650 |
|
4 |
|a Φυτά
|9 200533
|x Μελέτη και διδασκαλία (Ανώτατη).
|
| 650 |
|
4 |
|a Βοτανική
|9 463
|
| 942 |
|
|
|2 ddc
|c BK
|
| 952 |
|
|
|0 0
|1 0
|2 ddc
|4 0
|6 631_523000000000000_ΞΥΝ
|7 0
|9 273658
|a MSLG
|b MSLG
|c EUD
|d 2021-01-17
|e 24
|f 0
|g 0.00
|l 0
|o 631.523 ΞΥΝ
|p 2420000026369
|r 2021-01-17 00:00:00
|t 1
|v 2021.00
|w 2021-01-17
|y BK15
|x 20131018 0 Κ.Γ, 0
|x GrPaTEI
|
| 952 |
|
|
|0 0
|1 0
|2 ddc
|4 0
|6 631_523000000000000_ΞΥΝ
|7 0
|9 273659
|a MSLG
|b MSLG
|c EUD
|d 2021-01-17
|e 24
|f 0
|g 0.00
|l 0
|o 631.523 ΞΥΝ
|p 2420000026450
|r 2021-01-17 00:00:00
|t 1
|w 2021-01-17
|y BK15
|x 20131018 0 Κ.Γ. 1
|x GrPaTEI
|
| 952 |
|
|
|0 0
|1 0
|2 ddc
|4 0
|6 631_523000000000000_ΞΥΝ
|7 0
|9 273660
|a MSLG
|b MSLG
|c EUD
|d 2021-01-17
|e 24
|f 0
|g 0.00
|l 0
|o 631.523 ΞΥΝ
|p 9924200028628
|r 2021-01-17 00:00:00
|t 3
|v 2021.00
|w 2021-01-17
|y BK15
|x GrPaTEI
|
| 999 |
|
|
|c 158480
|d 158480
|